000 00254nam a2200097Ia 4500
001 1041931
005 20250826232051.0
008 250824s9999 xx 000 0 und d
245 0 _aTÜRKİSTANIN KEŞİF ÇAĞI
_cMURAT ÖZKAN
260 _bKRONİK YAYINLARI
999 _c1041931
_d1041931